LEADER 01187nam a2200289 u 4500 001 000000080131 003 CaOOAMICUS 005 20070226123619.0 008 040625s2003 enk u000 u eng u 020 $a0415284678 035 $a11001994 040 $aPUL$bita 041 1 $aeng$hrus 100 1 $aFedorovich Losev, Aleksei.$0(OLS)http://pul/name/53406 240 10$aDialektika Mifa.$lInglese.$0(OLS)http://pul/title/104964 245 14$aThe dialectics of myth /$cAleksei Fyodorovic Losev ; translated from the Russian by Vladimir Marchencov. 260 $aLondon and New York :$bRoutledge,$c2003. 300 $aviii, 235 p. ;$c24 cm 500 $aContiene indici. 650 4$aMito.$0(OLS)http://pul/subject/3434 700 1 $aMarchenkov, Vladimir.$0(OLS)http://pul/name/53407 850 $aPUL 852 $aPUL$W1$xSL Religione 3$y85$m291. 1 LOSAL 1$j102378$nBK-PRI$b $qDDC 21$B102378$CPULBib$Z2$F102378 $HPUL95562 $81 941 1 $a9 996 $6020$a0415284678$9(OLS)http://pul/number/105780 996 $6245$aThe dialectics of myth$9(OLS)http://pul/title/104965 996 $6260$aLondon and New York :$bRoutledge$9(OLS)http://pul/publisher/75577 LEADER 01460nam a2200313 a 4500 001 000000157999 003 CaOOAMICUS 005 20170120113652.0 008 170120s2016 gw u000 u ger r 020 $a978-3-579-02693-0* 032 $aLibriCat 040 $aPUL$bita 100 1 $aBuber, Martin,$d1878-1965.$0(OLS)http://pul/name/5557 245 10$aChassidismus II :$bTheoretische Schriften /$cHrsg., eingeleitet und kommentiert von Susanne Talabardon. 260 $aGütersloh :$bGütersloher Verlagshaus,$c©2016. 300 $a597 p. ;$c23 cm. 490 1 $aMartin Buber Werkausgabe ;$v17 504 $aInclude riferimenti bibliografici ed indice. 600 14$aBuber, Martin,$d1878-1965.$0(OLS)http://pul/subject/15918 700 1 $aTalabardon, Susanne.$0(OLS)http://pul/name/100886 800 1 $aBuber, Martin,$d1878-1965.$tOpere.$0(OLS)http://pul/nameTitle/1137$0(OLS)http://pul/name/5557$0(OLS)http://pul/title/5258 830 0$aMartin Buber Werkausgabe ;$v17.$0(OLS)http://pul/title/151025 850 $aPUL 852 $aPUL$W1$xSL Religione 1$y3$m7(1) M 8.17$j181328$qStampati$B184469$CPULBib$Z2$F184469 $H128782 $81 941 1 $a8 996 $6020$a978-3-579-02693-0*$9(OLS)http://pul/number/161808 996 $6245$aChassidismus II :$bTheoretische Schriften$9(OLS)http://pul/title/197596 996 $6260$aGütersloh :$bGütersloher Verlagshaus$9(OLS)http://pul/publisher/67356